000 00340nam a22001457a 4500
020 _a0837198909
082 _a025.2 GRI
100 _aGRIEDER, Theodore
245 _aAcquisitions
260 _aEngland
_bGreenwood Press
_c1978
300 _ax,277p.
_bill.;24cm
500 _aInclude: Index
650 _aWhere, What, and How
942 _cBK
999 _c19108
_d19108